| 000 | 01147nam a2200265 i 4500 | ||
|---|---|---|---|
| 001 | 131789 | ||
| 003 | ES-MaACL | ||
| 005 | 20250901081549.0 | ||
| 007 | t| | ||
| 008 | 190503s1882 sp r ||||1| spa d | ||
| 100 | 1 |
_aRodríguez Mourelo, José, _d1859-1932 _eaut _998691 |
|
| 245 | 1 | 0 |
_aCurso de ciencias naturales : _btercera conferencia : [Concepto de la energía] / _cexplicada por José Rodríguez Mourelo el 12 de enero de 1882. |
| 246 | 1 | _aConcepto de la energía | |
| 260 |
_aMadrid : _b[s.n.], _c1882 _f(Imp. de Manuel G. Hernández) |
||
| 300 |
_a37 páginas ; _c22 cm. |
||
| 500 | _aPrecede al tít.: Ateneo Científico y Literario de Madrid | ||
| 530 | _aDisponible en formato digital | ||
| 610 | 2 | 4 |
_aAteneo de Madrid- _vConferencias- _yS.XIX. _91910 |
| 650 | 4 |
_aEnergía. _9138103 |
|
| 852 |
_aES-MaACL _cDEPOF _gDedicatoria autógrafa del autor _hDonativo de José Rodríguez Mourelo _jT-350-F-9 |
||
| 856 | 4 |
_uhttp://bdh-rd.bne.es/viewer.vm?id=0000205738&page=1 _yVersión en línea _z(Biblioteca Digital Hispánica) |
|
| 942 |
_2udc _cFOLLETOS _n0 |
||
| 999 |
_c131789 _d131789 |
||